000 00848nam a2200253Ia 4500
003 OSt
005 20220918171330.0
006 a|||||r|||| 00| 0
007 ta
008 220917b |||||||| |||| 00| 0 eng d
020 _a9781501341014 (hbk)
_cUKP 96.00
024 _a353,520
037 _b14301, 06/03/2020, Elite Publishers Distributors
_cTextual
040 _aARTS
_cARTS
_beng
041 _2eng
_aeng
082 _aR853xN37, Q8
100 _aCimino Antonio Au.
_935859
245 0 _aEnactment, politics, and truth
_b pauline themes in agamben, badiou, and heidegger
260 _aNew York
_bBloomsbury Academic USA
_c2018
300 _avii,179p.
_ccm.
650 _aPHILOSOPHERS
942 _hR853xN37, Q8
_cTEXL
_2CC
999 _c139076
_d139076